00429nam a22001577a 450000500170000001000150001702000260003203500140005803700090007208200160008110000180009724500560011526000330017127000470020430000200025120220214120322.0 aENG-131570 a9789390891467c295.00 aEN-115102 bDBAD a362.1962414 aDominic, K.V. aMusings on Covid Pandemic and Beyond/cK.V. Dominic aNew DelhibAutorspressc2021 aQ-2A, Hauz Khas EnclavebNew Delhie110016 a86p.c21cm(pbk)